00413nam a2200097Ia 4500008004100000020001500041100002900056245016900085260004500254300001600299180305s9999 xx 000 0 und d a9716856466 aDela Cruz, Sonia Gasilla cSonia Gasilla, Dela Cruz, Edeliza Dela Cruz Lazo, Paulino M. MapueaNational Development via National service Training Program (NSTP):bLiteracy Training Service I/ aQuezon CitybLorimar Pub. Co. Inc.c2005 ai, 116 Page